00557nam a22001697a 450000500170000000800410001702000180005808200260007610000270010224500700012925000170019926000500021630000350026650000250030165000350032665000260036120231102152056.0170123s2015 ag a r 001 0 spa d a9789873832048 4a005.2762bB380p 20151 aBeati, Hernáneautor10aPHPb: creación de páginas web dinámicasc / Hernán Beati a2a edición3 aBuenos Aires, Argentinab : Alfaomegac, 2015 a412 páginasb: ilustraciones aReimpresiones : 201614aPHPxLENGUAJE PARA COMPUTADORA24aSITIOS WEB (DISEÑO)